[Event "SRB-chT Men 1st League 2019"]
[Site "Subotica"]
[Date "2019.08.27"]
[Round "6.14"]
[White "Pap, Misa"]
[Black "Ivic, Velimir"]
[Result "0-1"]
[WhiteElo "2454"]
[BlackElo "2511"]
[Annotator "ChessBase"]
[PlyCount "94"]
[EventDate "2019.08.23"]
[EventType "team-tourn"]
[EventCountry "SRB"]
[SourceTitle "playchess.com"]
[Source "ChessBase"]
[SourceQuality "1"]
[TimeControl "40/5400+30:1800+30"]

1. e4 {[%emt 0:00:00]} c5 {[%emt 0:00:05]} 2. c3 {[%emt 0:00:00]} Nf6 {[%emt 0:00:06]} 3. e5 {[%emt 0:00:00]} Nd5 {[%emt 0:00:07]} 4. Nf3 {[%emt 0:00:04]} Nc6 {[%emt 0:00:06]} 5. Bc4 {[%emt 0:00:09]} Nb6 {[%emt 0:00:06]} 6. Bb3 {[%emt 0:00:04]} d5 {[%emt 0:00:06]} 7. exd6 {[%emt 0:00:09]} Qxd6 {[%emt 0:00:06]} 8. O-O {[%emt 0:02:36]} Be6 {[%emt 0:00:24]} 9. Na3 {[%emt 0:01:32]} Bxb3 {[%emt 0:00:17]} 10. Qxb3 {[%emt 0:05:45]} Qd3 {[%emt 0:00:14]} 11. Re1 {[%emt 0:11:23]} e6 {[%emt 0:00:45]} 12. Re3 {[%emt 0:05:01]} Qd7 {[%emt 0:00:24]} 13. Nc4 {[%emt 0:09:07]} Nxc4 {[%emt 0:03:20]} 14. Qxc4 {[%emt 0:00:16]} Be7 {[%emt 0:04:12]} 15. b3 {[%emt 0:03:49]} O-O {[%emt 0:03:23]} 16. Bb2 {[%emt 0:06:20]} Rad8 {[%emt 0:02:53]} 17. Rd1 {[%emt 0:02:28]} b6 {[%emt 0:02:30]} 18. Qg4 {[%emt 0:06:17]} Bf6 {[%emt 0:06:27]} 19. d3 {[%emt 0:05:02]} h6 {[%emt 0:23:29]} 20. h4 {[%emt 0:03:37]} g6 {[%emt 0:14:57]} 21. h5 {[%emt 0:10:11]} g5 {[%emt 0:00:06]} 22. Nd2 {[%emt 0:01:24]} Bg7 {[%emt 0:13:51]} 23. Qe2 {[%emt 0:04:26]} Ne7 {[%emt 0:23:36]} 24. Nb1 {[%emt 0:04:09]} Nd5 {[%emt 0:00:00]} 25. Rf3 {[%emt 0:00:18]} Nf4 {[%emt 0:00:00]} 26. Qc2 {[%emt 0:03:27]} Nxg2 {[%emt 0:00:00]} 27. d4 {[%emt 0:01:20]} Nf4 {[%emt 0:00:00]} 28. Nd2 {[%emt 0:03:41]} cxd4 {[%emt 0:00:00]} 29. cxd4 {[%emt 0:00:06]} Ne2+ {[%emt 0:00:00]} 30. Kf1 {[%emt 0:00:07]} Nxd4 {[%emt 0:00:00]} 31. Bxd4 {[%emt 0:00:05]} Qxd4 {[%emt 0:00:00]} 32. Ke2 {[%emt 0:00:26]} Qe5+ {[%emt 0:00:00]} 33. Re3 {[%emt 0:00:14]} Qh2 {[%emt 0:00:00]} 34. Nf3 {[%emt 0:00:20]} Qxh5 {[%emt 0:00:00]} 35. Rg1 {[%emt 0:00:16]} g4 {[%emt 0:00:00]} 36. Nd2 {[%emt 0:00:15]} Qb5+ {[%emt 0:00:00]} 37. Qc4 {[%emt 0:01:27]} Qxc4+ {[%emt 0:00:00]} 38. bxc4 {[%emt 0:01:10]} h5 {[%emt 0:00:00]} 39. Ne4 {[%emt 0:00:18]} f5 {[%emt 0:00:00]} 40. Ng5 {[%emt 0:00:00]} Bh6 {[%emt 0:00:00]} 41. Rxe6 {[%emt 0:00:08]} Rfe8 {[%emt 0:01:09]} 42. Kf1 {[%emt 0:00:24]} Kg7 {[%emt 0:07:28]} 43. Rxe8 {[%emt 0:00:28]} Rxe8 {[%emt 0:00:04]} 44. Nf3 {[%emt 0:00:03]} Re4 {[%emt 0:00:30]} 45. Ne1 {[%emt 0:01:29]} Rxc4 {[%emt 0:00:58]} 46. Nd3 {[%emt 0:00:04]} Rc3 {[%emt 0:00:32]} 47. Ke2 {[%emt 0:00:05]} Rc2+ {[%emt 0:00:04]} 0-1

[Event "SRB-chT Men 1st League 2019"]
[Site "Subotica"]
[Date "2019.08.27"]
[Round "6.15"]
[White "Popov, Ivan"]
[Black "Lajthajm, Borko"]
[Result "1-0"]
[WhiteElo "2604"]
[BlackElo "2414"]
[Annotator "TA"]
[PlyCount "51"]
[EventDate "2019.08.23"]
[EventType "team-tourn"]
[EventCountry "SRB"]
[SourceTitle "playchess.com"]
[Source "ChessBase"]
[SourceQuality "1"]

{[%evp 14,51,0,0,33,32,32,46,37,36,44,31,33,45,58,58,68,64,682,671,749,746,730,711,1228,1228,1591,1578,1345,1320,1320,1270,1194,1184,29981,5589,29990,29991,29991,5697]} 1. e4 e5 2. Nf3 Nc6 3. d4 exd4 4. Nxd4 Bc5 5. Nb3 Bb6 6. Nc3 Nf6 7. Bg5 h6 8. Bh4 Ne5 $146 {C45: Scotch Game} ({Predecessor:} 8... d6 9. f3 g5 10. Bg3 Qe7 11. Qd2 Bd7 12. h4 Rg8 13. O-O-O O-O-O 14. hxg5 hxg5 15. Rh6 Be6 16. Bb5 Bxb3 17. axb3 {1-0 (41) Navara,D (2726)-Malakhov,V (2691) Antalya 2017}) 9. Nd5 g5 $1 {[%cal Rg5h4]} 10. Bg3 d6 {White is slightly better.} 11. Nxb6 axb6 12. f3 Qe7 13. Qd2 Bd7 14. Qc3 $36 {[%mdl 2048] White has some pressure.} c5 15. O-O-O {Rxd6! is the strong threat.} Rxa2 $2 {[%mdl 8192] [#]} (15... Nh5 $14) 16. Rxd6 $1 $18 {[%mdl 512]} Qxd6 17. Bxe5 Qc6 18. Bb5 {[%mdl 64] Deflection} Qxb5 {[#]} 19. Bd6 $1 Kd8 20. Qxf6+ {[%mdl 64] Double Attack} Kc8 21. Qxh8+ Be8 22. Kb1 Ra6 23. Rd1 {Threatening mate with Bg3.} c4 24. Rd5 (24. Bg3 $142 cxb3 25. cxb3 Qc6 26. Qe5 Ra8 27. Rd6 Ra7 28. Rd2 Ra8 29. Qe7) 24... Qa4 25. Re5 Kd8 26. Qf6+ {Accuracy: White = 88%, Black = 34%.} 1-0

[Event "SRB-chT Men 1st League 2019"]
[Site "Subotica"]
[Date "2019.08.27"]
[Round "6.16"]
[White "Arsovic, Zoran"]
[Black "Stojanovic, Mihajlo"]
[Result "0-1"]
[WhiteElo "2370"]
[BlackElo "2475"]
[Annotator "ChessBase"]
[PlyCount "76"]
[EventDate "2019.08.23"]
[EventType "team-tourn"]
[EventCountry "SRB"]
[SourceTitle "playchess.com"]
[Source "ChessBase"]
[SourceQuality "1"]
[TimeControl "40/5400+30:1800+30"]

1. Nf3 {[%emt 0:00:00]} d5 {[%emt 0:00:00]} 2. g3 {[%emt 0:00:18]} Nf6 {[%emt 0:00:00]} 3. Bg2 {[%emt 0:00:14]} c6 {[%emt 0:00:00]} 4. O-O {[%emt 0:00:33]} Bf5 {[%emt 0:01:20]} 5. c4 {[%emt 0:03:55]} e6 {[%emt 0:00:05]} 6. cxd5 {[%emt 0:03:22]} exd5 {[%emt 0:00:04]} 7. d3 {[%emt 0:00:37]} Na6 {[%emt 0:00:10]} 8. Nc3 {[%emt 0:08:43]} Be7 {[%emt 0:00:08]} 9. a3 {[%emt 0:05:13]} d4 {[%emt 0:14:08]} 10. Ne4 {[%emt 0:04:27]} O-O {[%emt 0:05:02]} 11. Nxf6+ {[%emt 0:02:54]} Bxf6 {[%emt 0:00:07]} 12. Bd2 {[%emt 0:08:36]} Re8 {[%emt 0:01:19]} 13. a4 {[%emt 0:02:05]} h6 {[%emt 0:10:07]} 14. Re1 {[%emt 0:07:08]} Qd7 {[%emt 0:06:24]} 15. Qb3 {[%emt 0:08:25]} Re7 {[%emt 0:03:22]} 16. Rac1 {[%emt 0:09:26]} Rae8 {[%emt 0:01:31]} 17. Kf1 {[%emt 0:01:45]} Bh3 {[%emt 0:02:26]} 18. Ng1 {[%emt 0:00:34]} Bxg2+ {[%emt 0:00:12]} 19. Kxg2 {[%emt 0:00:04]} c5 {[%emt 0:08:19]} 20. Kf1 {[%emt 0:14:40]} Bg5 {[%emt 0:10:58]} 21. Bxg5 {[%emt 0:03:20]} hxg5 {[%emt 0:00:03]} 22. h3 {[%emt 0:01:14]} b6 {[%emt 0:07:03]} 23. Qc4 {[%emt 0:00:41]} Nb4 {[%emt 0:05:11]} 24. a5 {[%emt 0:00:05]} Qf5 {[%emt 0:01:38]} 25. axb6 {[%emt 0:00:37]} axb6 {[%emt 0:00:02]} 26. Ra1 {[%emt 0:04:10]} Re3 {[%emt 0:07:41]} 27. g4 {[%emt 0:00:41]} Qf6 {[%emt 0:05:47]} 28. Red1 {[%emt 0:00:43]} R3e5 {[%emt 0:05:28]} 29. Ra7 {[%emt 0:00:16]} R8e6 {[%emt 0:01:46]} 30. Rd7 {[%emt 0:01:42]} Qf4 {[%emt 0:01:15]} 31. Kg2 {[%emt 0:01:21]} Rxe2 {[%emt 0:01:19]} 32. Nxe2 {[%emt 0:00:38]} Rxe2 {[%emt 0:00:06]} 33. Rf1 {[%emt 0:00:08]} Nc2 {[%emt 0:01:14]} 34. Kg1 {[%emt 0:04:46]} Ne1 {[%emt 0:00:26]} 35. Qd5 {[%emt 0:00:48]} Re5 {[%emt 0:00:42]} 36. Qa8+ {[%emt 0:02:05]} Kh7 {[%emt 0:00:02]} 37. Rd8 {[%emt 0:00:07]} Nf3+ {[%emt 0:01:15]} 38. Kg2 {[%emt 0:00:04]} Qh2+ {[%emt 0:01:00]} 0-1

[Event "SRB-chT Men 1st League 2019"]
[Site "Subotica"]
[Date "2019.08.27"]
[Round "6.17"]
[White "Vucinic, Gojko"]
[Black "Radlovacki, Jovan"]
[Result "1/2-1/2"]
[WhiteElo "2396"]
[BlackElo "2265"]
[Annotator "NA"]
[PlyCount "85"]
[EventDate "2019.08.23"]
[EventType "team-tourn"]
[EventCountry "SRB"]
[SourceTitle "playchess.com"]
[Source "ChessBase"]
[SourceQuality "1"]
[TimeControl "40/5400+30:1800+30"]

1. e4 {[%emt 0:00:00]} c6 {[%emt 0:00:01]} 2. d4 {[%emt 0:00:00]} d5 {[%emt 0:00:04]} 3. e5 {[%emt 0:00:01]} Bf5 {[%emt 0:01:03]} 4. h4 {[%emt 0:00:05]} h5 {[%emt 0:00:22]} 5. Bd3 {[%emt 0:00:04]} Bxd3 {[%emt 0:00:16]} 6. Qxd3 {[%emt 0:00:03]} e6 {[%emt 0:00:09]} 7. Bg5 {[%emt 0:00:04]} Be7 {[%emt 0:01:38]} 8. Nf3 {[%emt 0:00:17]} Nd7 {[%emt 0:00:43]} 9. c4 {[%emt 0:04:27]} dxc4 {[%emt 0:13:56]} 10. Qxc4 {[%emt 0:00:09]} Nh6 {[%emt 0:00:06]} 11. Nc3 {[%emt 0:15:32]} Nf5 {[%emt 0:00:42]} 12. Rd1 {[%emt 0:09:23]} Nb6 {[%emt 0:07:19]} 13. Qb3 {[%emt 0:08:20]} O-O {[%emt 0:06:48]} 14. g3 {[%emt 0:04:49]} Qd7 {[%emt 0:06:08]} 15. Bxe7 {[%emt 0:02:28]} Qxe7 {[%emt 0:00:17]} 16. O-O {[%emt 0:00:08]} Rad8 {[%emt 0:00:26]} 17. Ne4 {[%emt 0:05:16]} Rd7 {[%emt 0:01:53]} 18. Rd3 {[%emt 0:03:08]} Nd5 {[%emt 0:07:30]} 19. a3 {[%emt 0:01:22]} Rfd8 {[%emt 0:01:54]} 20. Re1 {[%emt 0:02:05]} b6 {[%emt 0:24:56]} 21. Qa4 {[%emt 0:24:40]} Rc7 {[%emt 0:05:48]} 22. Rc1 {[%emt 0:01:27]} Rdc8 {[%emt 0:00:10]} 23. Rd2 {[%emt 0:05:18]} a5 {[%emt 0:01:02]} 24. Rdc2 {[%emt 0:01:26]} Qd7 {[%emt 0:01:08]} 25. Qc4 {[%emt 0:02:05]} Nde7 {[%emt 0:05:36]} 26. Rd2 {[%emt 0:01:37]} Rf8 {[%emt 0:04:25]} 27. Nfg5 {[%emt 0:02:29]} Nd5 {[%emt 0:01:48]} 28. Qe2 {[%emt 0:02:14]} f6 {[%emt 0:00:42]} 29. Qxh5 {[%emt 0:02:12]} fxg5 {[%emt 0:00:15]} 30. Nxg5 {[%emt 0:00:03]} Nh6 {[%emt 0:00:22]} 31. Qg6 {[%emt 0:00:02]} Rf5 {[%emt 0:01:57]} 32. Nxe6 {[%emt 0:00:54]} Rf6 {[%emt 0:03:46]} 33. Qxg7+ {[%emt 0:02:10]} Qxg7 {[%emt 0:00:08]} 34. Nxg7 {[%emt 0:00:02]} Rg6 {[%emt 0:01:32]} 35. Ne8 {[%emt 0:00:39]} Rf7 {[%emt 0:00:13]} 36. Nd6 {[%emt 0:00:10]} Rf3 {[%emt 0:00:24]} 37. Rxc6 {[%emt 0:00:57]} Ng4 {[%emt 0:00:46]} 38. Re2 {[%emt 0:01:13]} Nf4 {[%emt 0:00:27]} 39. Rc8+ {[%emt 0:00:21]} Kh7 {[%emt 0:00:07]} 40. Rc7+ {[%emt 0:00:00]} Kg8 {[%emt 0:00:00]} 41. Rc8+ {[%emt 0:05:12]} Kh7 {[%emt 0:02:39]} 42. Rec2 {[%emt 0:02:48]} Rg7 {[%emt 0:02:50]} 43. Ne4 {[%emt 0:04:24]} 1/2-1/2

[Event "SRB-chT Men 1st League 2019"]
[Site "Subotica"]
[Date "2019.08.27"]
[Round "6.18"]
[White "Sredojevic, Ivan"]
[Black "Damjanovic, Vuk"]
[Result "0-1"]
[WhiteElo "2232"]
[BlackElo "2246"]
[Annotator "NA"]
[PlyCount "122"]
[EventDate "2019.08.23"]
[EventType "team-tourn"]
[EventCountry "SRB"]
[SourceTitle "playchess.com"]
[Source "ChessBase"]
[SourceQuality "1"]
[TimeControl "40/5400+30:1800+30"]

1. e4 {[%emt 0:00:00]} c6 {[%emt 0:00:00]} 2. d4 {[%emt 0:03:29]} d5 {[%emt 0:00:00]} 3. Nc3 {[%emt 0:00:12]} dxe4 {[%emt 0:00:25]} 4. Nxe4 {[%emt 0:00:08]} Bf5 {[%emt 0:00:23]} 5. Ng3 {[%emt 0:00:19]} Bg6 {[%emt 0:00:11]} 6. h4 {[%emt 0:01:23]} h6 {[%emt 0:00:11]} 7. Nf3 {[%emt 0:00:05]} Nd7 {[%emt 0:00:09]} 8. h5 {[%emt 0:00:04]} Bh7 {[%emt 0:00:06]} 9. Bd3 {[%emt 0:00:03]} Bxd3 {[%emt 0:00:12]} 10. Qxd3 {[%emt 0:00:05]} e6 {[%emt 0:00:17]} 11. Bd2 {[%emt 0:00:40]} Ngf6 {[%emt 0:00:14]} 12. O-O-O {[%emt 0:00:04]} Be7 {[%emt 0:01:04]} 13. Qe2 {[%emt 0:03:00]} O-O {[%emt 0:13:06]} 14. Ne5 {[%emt 0:01:18]} c5 {[%emt 0:09:42]} 15. Nxd7 {[%emt 0:14:12]} Qxd7 {[%emt 0:02:16]} 16. dxc5 {[%emt 0:03:05]} Qa4 {[%emt 0:04:38]} 17. Kb1 {[%emt 0:12:37]} Bxc5 {[%emt 0:13:40]} 18. Bc3 {[%emt 0:00:48]} Nd5 {[%emt 0:12:08]} 19. Rxd5 {[%emt 0:40:13]} exd5 {[%emt 0:00:08]} 20. Qe5 {[%emt 0:02:40]} Qg4 {[%emt 0:05:11]} 21. Nf5 {[%emt 0:05:05]} d4 {[%emt 0:09:16]} 22. Bd2 {[%emt 0:00:18]} Qxg2 {[%emt 0:07:50]} 23. Rh3 {[%emt 0:02:16]} Bd6 {[%emt 0:05:02]} 24. Qxd4 {[%emt 0:04:43]} Rae8 {[%emt 0:04:20]} 25. Rg3 {[%emt 0:01:24]} Qh1+ {[%emt 0:02:11]} 26. Bc1 {[%emt 0:00:05]} Be5 {[%emt 0:00:11]} 27. Rxg7+ {[%emt 0:01:13]} Kh8 {[%emt 0:00:02]} 28. Qg4 {[%emt 0:00:34]} Rg8 {[%emt 0:00:50]} 29. Rxg8+ {[%emt 0:01:13]} Rxg8 {[%emt 0:00:05]} 30. Qb4 {[%emt 0:00:30]} Qxh5 {[%emt 0:05:06]} 31. Nxh6 {[%emt 0:00:49]} Rg1 {[%emt 0:01:27]} 32. Qe4 {[%emt 0:01:17]} Rxc1+ {[%emt 0:01:09]} 33. Kxc1 {[%emt 0:00:06]} Qxh6+ {[%emt 0:00:02]} 34. Kd1 {[%emt 0:00:07]} Qd6+ {[%emt 0:00:19]} 35. Ke2 {[%emt 0:00:19]} Qe7 {[%emt 0:00:16]} 36. Kf1 {[%emt 0:00:13]} Bf6 {[%emt 0:00:07]} 37. Qf5 {[%emt 0:00:58]} b6 {[%emt 0:02:26]} 38. b4 {[%emt 0:00:20]} Qe5 {[%emt 0:00:38]} 39. Qh3+ {[%emt 0:01:23]} Kg7 {[%emt 0:00:06]} 40. Qg4+ {[%emt 0:00:00]} Qg5 {[%emt 0:00:00]} 41. Qe4 {[%emt 0:00:08]} Qe5 {[%emt 0:02:36]} 42. Qg4+ {[%emt 0:00:09]} Bg5 {[%emt 0:00:12]} 43. c4 {[%emt 0:00:13]} Qf4 {[%emt 0:00:44]} 44. Qe2 {[%emt 0:00:14]} Kg6 {[%emt 0:00:32]} 45. Qd3+ {[%emt 0:01:23]} Qf5 {[%emt 0:01:31]} 46. Qd6+ {[%emt 0:01:35]} f6 {[%emt 0:04:36]} 47. c5 {[%emt 0:01:43]} Qb1+ {[%emt 0:00:41]} 48. Kg2 {[%emt 0:00:45]} Qe4+ {[%emt 0:01:02]} 49. Kf1 {[%emt 0:00:12]} Qxb4 {[%emt 0:04:40]} 50. Qd3+ {[%emt 0:00:16]} f5 {[%emt 0:00:20]} 51. c6 {[%emt 0:00:51]} Qc5 {[%emt 0:00:37]} 52. Qd7 {[%emt 0:00:58]} Bf4 {[%emt 0:05:27]} 53. Qe6+ {[%emt 0:00:33]} Kg5 {[%emt 0:01:01]} 54. Qg8+ {[%emt 0:02:22]} Kf6 {[%emt 0:00:16]} 55. Qh8+ {[%emt 0:00:52]} Ke6 {[%emt 0:01:52]} 56. Qg8+ {[%emt 0:00:35]} Ke5 {[%emt 0:02:12]} 57. Qb8+ {[%emt 0:01:01]} Ke4 {[%emt 0:00:00]} 58. Qb7 {[%emt 0:01:14]} Qd5 {[%emt 0:00:57]} 59. Qe7+ {[%emt 0:00:18]} Be5 {[%emt 0:01:12]} 60. Qh7 {[%emt 0:00:28]} Qc4+ {[%emt 0:00:24]} 61. Kg2 {[%emt 0:00:04]} Qxc6 {[%emt 0:00:55]} 0-1

[Event "SRB-chT Men 1st League 2019"]
[Site "Subotica"]
[Date "2019.08.28"]
[Round "7.1"]
[White "Ter-Sahakyan, Samvel"]
[Black "Indjic, Aleksandar"]
[Result "0-1"]
[WhiteElo "2632"]
[BlackElo "2617"]
[Annotator "TA"]
[PlyCount "56"]
[EventDate "2019.08.23"]
[EventType "team-tourn"]
[EventCountry "SRB"]
[SourceTitle "playchess.com"]
[Source "ChessBase"]
[SourceQuality "1"]

{[%evp 14,56,-5,-33,-7,-20,-29,-52,-57,-57,-51,-65,-55,-58,-51,-48,-30,-39,-51,-46,-39,-43,-55,-73,-67,-159,-153,-131,-104,-159,-144,-184,-192,-207,-191,-1005,-1006,-1144,-1122,-2122,-2122,-29996,-29997,-29997,-29998]} 1. e4 e5 2. Nf3 Nc6 3. d4 exd4 4. Nxd4 Nf6 5. Nxc6 bxc6 6. e5 Qe7 7. Qe2 Nd5 8. h4 (8. c4 $5 {[%cal Rc4d5]} Ba6 9. a3 $11) 8... a5 {C45: Scotch Game} (8... Qe6 9. Nd2 d6 10. exd6 Bxd6 11. Nc4 Bc5 12. a3 O-O 13. Qxe6 Bxe6 14. Bd3 Rfe8 15. O-O a5 16. Ne5 {½-½ (38) Caruana,F (2828)-Robson,R (2667) Saint Louis 2019}) 9. c4 Nb6 10. g3 Qe6 {Black is slightly better.} 11. b3 Bb4+ 12. Bd2 O-O 13. Bh3 Qe7 14. O-O d6 15. Bg2 $1 Bb7 $146 ({Predecessor:} 15... d5 16. f4 dxc4 17. Bxb4 axb4 18. bxc4 Qc5+ 19. Kh2 Nxc4 20. Rc1 Qd4 21. Qxc4 Qxa1 22. Na3 Qb2 23. Nb1 Rxa2 24. Qxc6 Bb7 {0-1 (24) Rudovskii,F (2052)-Klepikov,N (2245) St Petersburg 2018}) 16. Re1 Rfe8 {[%cal Re7e5]} 17. Nc3 dxe5 18. h5 f5 19. Qd3 ({White should play} 19. g4 $15) 19... Qf7 20. h6 gxh6 21. Re2 (21. Rad1 $142) 21... Nd7 22. Rae1 e4 23. Qc2 Ne5 24. Be3 $2 (24. Nxe4 fxe4 25. Bxb4 axb4 26. Qxe4) 24... Nf3+ $19 {[%mdl 64] Double Attack} 25. Kf1 Qh5 {( -> ...Qh2)} 26. Bf4 {[#]} Qh2 $1 {[%csl Gf3][%cal Rh2g1]} 27. Bxf3 exf3 {[%cal Rh2h1]} 28. Rxe8+ Bf8 {Accuracy: White = 37%, Black = 75%.} 0-1

[Event "SRB-chT Men 1st League 2019"]
[Site "Subotica"]
[Date "2019.08.28"]
[Round "7.2"]
[White "Ivic, Velimir"]
[Black "Ratkovic, Miloje"]
[Result "1-0"]
[WhiteElo "2511"]
[BlackElo "2431"]
[Annotator "TA"]
[PlyCount "91"]
[EventDate "2019.08.23"]
[EventType "team-tourn"]
[EventCountry "SRB"]
[SourceTitle "playchess.com"]
[Source "ChessBase"]
[SourceQuality "1"]

{[%evp 9,122,20,25,26,30,0,97,102,96,100,94,94,94,94,94,98,210,100,100,85,97,86,102,93,104,112,120,120,120,57,57,50,60,45,55,55,43,50,49,47,61,17,32,27,57,48,61,62,158,164,151,158,217,207,204,181,178,177,136,159,177,160,405,405,447,434,902,866,1987,1944,1687,1602,1368,1340,29964,29965,29965,29966,29966,29967,29967,29968,29968,29969,29969,29970,29970,29971,29971,29972,29972,29973,29975,29976,29976,29977,29975,29972,29978,29979,29979,29980,29980,29981,29981,29982,29981,29982,29984,29985,29985,29986,29986,29987,29987]} 1. e4 c6 2. d4 d5 3. e5 Bf5 4. h4 a6 5. h5 c5 6. dxc5 {B12: Caro-Kann: Advance Variation} Qc7 $146 ({Predecessor:} 6... Nc6 7. g4 Bd7 8. f4 Nh6 9. Be2 Qa5+ 10. c3 Qxc5 11. Nh3 f6 12. exf6 exf6 {½-½ (43) Kollars,D (2500)-Kovalenko,I (2659) Karlsruhe 2017}) 7. Nc3 e6 (7... Nc6 $1 $11 {remains equal.}) 8. g4 $1 $16 {[%cal Rg4f5] White is better.} Qxe5+ 9. Be3 Be4 10. Bd4 $1 {[%cal Rd4e5]} Qf4 11. f3 $1 {[%cal Rf3e4]} Bxc2 12. Qd2 $1 {[%cal Rd2f4]} Qxd2+ 13. Kxd2 Nc6 14. Nge2 e5 15. Bf2 ({Reject} 15. Kxc2 $6 exd4 16. Na4 (16. Nxd5 O-O-O $17) 16... Be7 $11) ({Stronger than} 15. Nxd5 O-O-O $15) 15... d4 16. Kxc2 {Ne4 is the strong threat.} dxc3 17. bxc3 Rc8 18. Ng3 Nd8 19. Re1 (19. h6 $1 $16) 19... Bxc5 $14 20. Rxe5+ Ne6 21. Bxc5 Rxc5 22. Rxc5 Nxc5 23. Bc4 Ne7 24. h6 g6 25. Rd1 f6 26. f4 Nc6 27. Rd5 Nd7 28. Rd6 Ke7 (28... Nd8 $1 $14) 29. Re6+ $16 Kd8 30. Ne4 $1 Re8 (30... Rf8 $16) 31. Rxe8+ $18 Kxe8 {[%mdl 4096] Endgame KBN-KNN} 32. Be6 {Threatens to win with Bxd7+.} Nf8 33. Bd5 Ke7 34. g5 $1 fxg5 35. fxg5 Ne5 $2 (35... Kd8 $16 36. Nf6 Ke7) 36. Bxb7 Ne6 37. Bxa6 Nf3 (37... Kd8 $142 38. Kb3 Nf3) 38. a4 {[%cal Ba2a4,Ba4a5][%mdl 32]} Nfxg5 39. Nxg5 Nxg5 {KB-KN} 40. a5 Kd6 41. Bc4 Kc5 42. Bg8 {White mates.} Kb5 43. Kd3 Kxa5 44. Ke3 Kb5 45. Kf4 Nh3+ {[#]} 46. Kf3 {Played: Kf4-g4} 1-0

[Event "SRB-chT Men 1st League 2019"]
[Site "Subotica"]
[Date "2019.08.28"]
[Round "7.3"]
[White "Ratkovic, Milovan"]
[Black "Popov, Ivan"]
[Result "0-1"]
[WhiteElo "2411"]
[BlackElo "2604"]
[Annotator "TA"]
[PlyCount "68"]
[EventDate "2019.08.23"]
[EventType "team-tourn"]
[EventCountry "SRB"]
[SourceTitle "playchess.com"]
[Source "ChessBase"]
[SourceQuality "1"]

{[%evp 11,68,14,19,0,0,0,0,0,-10,-8,0,0,64,37,35,30,36,5,8,-12,-15,-35,-41,-37,-29,-70,-64,-102,-106,-138,-126,-123,-62,-80,-61,-157,-145,-174,-174,-184,-206,-219,-206,-289,-151,-275,-211,-515,-502,-575,-576,-836,-815,-1085,-1091,-1055,-1030,-29992,-29993]} 1. d4 e6 2. c4 Nf6 3. Nc3 Bb4 4. e3 b6 5. Nge2 Ne4 6. Qc2 Bb7 7. Ng3 {E44: Nimzo-Indian: Rubinstein: 4...b6 5 Ne2} (7. a3 Bxc3+ 8. Nxc3 f5 9. f3 Nxc3 10. bxc3 O-O 11. Bd3 Qh4+ 12. Qf2 Qxf2+ 13. Kxf2 d6 14. a4 c5 15. a5 Nc6 16. axb6 axb6 {½-½ (37) Tregubov,P (2575)-Short,N (2678) Riadh 2017}) 7... Bxc3+ 8. bxc3 Qh4 $146 ({Predecessor:} 8... f5 9. Ba3 d6 10. f3 Nxg3 11. hxg3 Qg5 12. Qf2 Nd7 13. Bd3 O-O-O 14. O-O-O h5 {1-0 (35) Jashtylov,A-Gaprindashvili,V (2245) Moscow 1997}) 9. Bd3 {[%cal Rd3e4] The position is equal.} Nxg3 10. fxg3 Qe7 11. O-O e5 (11... d6 $11) 12. a4 {Threatens to win with Be4.} e4 13. Be2 O-O 14. c5 bxc5 15. Rb1 Bc6 16. Ba3 d6 17. dxc5 dxc5 18. Qb3 Nd7 19. Qc4 Qg5 20. Rf4 Bd5 $1 {[%cal Rd5c4]} 21. Qa6 Qe5 (21... Rfb8 $17 22. Rxb8+ Rxb8 23. Qxa7 Qd8) 22. Qa5 $1 $15 Rfb8 $36 {[%mdl 2048] Black is more active.} 23. Rbf1 (23. Rxb8+ $15 Rxb8 24. Bxc5) 23... g6 24. Bg4 {[#]} Rb3 $1 {[%csl LRa3,LRc3]} 25. Bc1 {[#]} Nb6 $1 {[%cal Bd7b6,Bb6d5,Bd5c3][%mdl 32] White must now prevent ...Bc4.} 26. Qxc5 {White wants to play Rxf7!} Rxc3 27. Qa5 (27. Bb2 $142 Rxc5 {[%mdl 64] Discovered Attack} 28. Bxe5) 27... Rc2 (27... Nc4 $19 28. Qb5 c6) 28. Qb4 (28. R4f2 $17 Nc4 29. Qb5) 28... Bc4 29. Rd1 $2 (29. R4f2 {was the crucial defense.} c5 30. Qa3) 29... h5 $19 30. Bh3 Nd5 31. Qb7 Rf8 32. Rf2 Rxf2 33. Kxf2 {[#]} Nc3 $1 34. Rd4 Qf6+ {Accuracy: White = 17%, Black = 66%.} 0-1

[Event "SRB-chT Men 1st League 2019"]
[Site "Subotica"]
[Date "2019.08.28"]
[Round "7.4"]
[White "Stojanovic, Mihajlo"]
[Black "Popov, Sinisa S"]
[Result "1/2-1/2"]
[WhiteElo "2475"]
[BlackElo "2440"]
[Annotator "TA"]
[PlyCount "28"]
[EventDate "2019.08.23"]
[EventType "team-tourn"]
[EventCountry "SRB"]
[SourceTitle "playchess.com"]
[Source "ChessBase"]
[SourceQuality "1"]

{[%evp 19,28,18,18,22,16,18,20,18,34,42,57]} 1. d4 Nf6 2. c4 e6 3. Nc3 Bb4 4. Qc2 O-O 5. a3 Bxc3+ 6. Qxc3 b6 7. Bg5 Bb7 8. f3 d6 9. e4 c5 10. dxc5 bxc5 11. Rd1 {E32: Nimzo-Indian: Classical (4 Qc2): 4...0-0} Nc6 {With the idea ...Nxe4!} 12. Bxf6 gxf6 13. Ne2 Qe7 (13... e5 14. Ng3 Nd4 15. Bd3 Kh8 16. O-O Rg8 17. Qd2 Rg6 18. Rf2 Qd7 {½-½ (43) Howell,D (2698)-Svetushkin,D (2556) Heraklio 2017}) 14. b4 Rad8 $146 ({Predecessor:} 14... cxb4 15. axb4 Rfc8 16. Qd2 f5 17. exf5 Qh4+ 18. g3 Qxc4 {½-½ (72) Smith,C (2311)-Conde Poderoso,A (2333) ICCF email 2016}) 1/2-1/2